[Event "23rd WCh U20 Girls"]
[Site "Istanbul TUR"]
[Date "2005.11.22"]
[Round "13"]
[White "Zdebskaya, Natalia"]
[Black "Muhren, Bianca"]
[Result "0-1"]
[WhiteElo "2390"]
[BlackElo "2260"]
[EventDate "2005.11.09"]
[PlyCount "96"]

1.e4 c5 2.Nc3 d6 3.f4 g6 4.Nf3 Bg7 5.Bc4 e6 6.d3 Ne7 7.O-O O-O 8.Qe1 Nbc6 
9.f5 d5 10.Bb3 c4 11.dxc4 dxe4 12.f6 Bxf6 13.Nxe4 Bg7 14.Bg5 f6 15.Rd1 Qc7
16.Bh4 Na5 17.Qc3 e5 18.c5+ Nxb3 19.Qxb3+ Kh8 20.Rd6 Bf5 21.Nfd2 Bxe4 22.
Nxe4 Nf5 23.Bxf6 Nxd6 24.cxd6 Qc6 25.Bxg7+ Kxg7 26.Re1 Rad8 27.Qc3 Qxc3 
28.bxc3 Rf4 29.g3 Rxe4 30.Rxe4 Kf6 31.Kf2 Rxd6 32.Ke2 h5 33.Rb4 b6 34.Rc4 
Kf5 35.h3 Rd5 36.g4+ hxg4 37.hxg4+ Kg5 38.Re4 Kf6 39.a4 Kg5 40.Kf3 Rc5 41.
Re3 Kf6 42.Rd3 Rc4 43.Rd6+ Kg5 44.a5 bxa5 45.Ra6 a4 46.Rxa7 e4+ 47.Ke3 
Kxg4 48.Ke2 g5 0-1